[Event "Game 1541 - Rated game, 15m + 0s"]
[Site "Beginners"]
[Date "2003.07.26"]
[Round "?"]
[White "LilyChuckle"]
[Black "kmreese"]
[Result "0-1"]
[WhiteElo "1299"]
[BlackElo "1338"]
[PlyCount "52"]
[EventDate "2003.??.??"]

1. e4 c5 2. Nf3 d6 3. Bc4 e6 4. Nc3 Nf6
5. d4 d5 6. Bd3 c4 7. e5 cxd3 8. exf6 gxf6
9. Qxd3 h5 10. O-O h4 11. h3 f5 12. Bg5 f6
13. Bxh4 Nc6 14. Rfe1 Nb4 15. Qb5+ Nc6 16. Rad1 a6
17. Qe2 f4 18. Bxf6 Qxf6 19. Nxd5 Qg7 20. Nxf4 e5
21. dxe5 Bxh3 22. e6 Bg4 23. Nh3 Bxh3 24. g3 Bc5
25. Rd7 Qxg3+ 26. Kh1 Qg2# 0-1

[Event "Game 1542 - Rated game, 12m + 2s"]
[Site "Beginners"]
[Date "2003.07.26"]
[Round "?"]
[White "JerryWho"]
[Black "kmreese"]
[Result "0-1"]
[WhiteElo "1306"]
[BlackElo "1354"]
[PlyCount "48"]
[EventDate "2003.??.??"]

1. d4 d5 2. c4 Nf6 3. Nc3 dxc4 4. e4 Bd7
5. Bxc4 Nc6 6. Nf3 e6 7. O-O Nb4 8. Bg5 Be7
9. e5 Ng4 10. a3 Nxh2 11. Kxh2 Bxg5 12. Nxg5 Qxg5
13. axb4 h5 14. Ne4 Qh4+ 15. Kg1 Qxe4 16. Bd3 Qd5
17. Be2 Bc6 18. Bf3 Qb5 19. Bxc6+ bxc6 20. Qb3 h4
21. Ra5 Qe2 22. Qa2 h3 23. gxh3 Rxh3 24. Rxa7 Qg4# 0-1

[Event "Game 1543 - Rated game, 10m + 0s"]
[Site "Main Playing Hall"]
[Date "2003.07.26"]
[Round "?"]
[White "kmreese"]
[Black "McGuffin"]
[Result "0-1"]
[WhiteElo "1369"]
[BlackElo "1307"]
[Annotator "White - Time"]
[PlyCount "66"]
[EventDate "2003.??.??"]

1. e4 e5 2. Nf3 Nc6 3. Bc4 h6 4. d3 Bb4+
5. c3 Ba5 6. b4 Bb6 7. a4 a6 8. a5 Ba7
9. d4 d6 10. d5 Nce7 11. b5 axb5 12. Bxb5+ Bd7
13. Na3 Nf6 14. Bxd7+ Qxd7 15. Nc4 Nxe4 16. O-O Nxc3
17. Qb3 Ncxd5 18. Qxb7 O-O 19. Rd1 Nf4 20. Nfxe5 Qf5
21. Bxf4 Qxf4 22. Nd7 Bxf2+ 23. Kh1 Ra7 24. Qb4 Rd8
25. Nde5 Bc5 26. Qb3 Rda8 27. Rf1 Qd4 28. Qf3 f6
29. Rad1 Qh4 30. g3 Qg5 {'} 31. Nd7 Rd8 32. Nxc5 Qxc5
33. Rxd6 cxd6 {White - Time} 0-1

[Event "Game 1544 - Rated game, 15m + 0s"]
[Site "Beginners"]
[Date "2003.07.27"]
[Round "?"]
[White "kmreese"]
[Black "Fantasioo"]
[Result "1-0"]
[WhiteElo "1348"]
[BlackElo "1275"]
[Annotator "Black - Resign"]
[PlyCount "97"]
[EventDate "2003.??.??"]
[SourceDate "2002.01.01"]

1. e4 e5 2. Nf3 Nc6 3. Bc4 Nf6 4. d3 h6
5. Nc3 Bb4 6. O-O d6 7. Nb5 Bd7 8. c3 Bc5
9. b4 Bb6 10. a4 a5 11. bxa5 Bxa5 12. Be3 O-O
13. d4 exd4 14. cxd4 Bg4 15. Qb1 Bxf3 16. gxf3 d5
17. exd5 Nxd5 18. Bd3 Bc3 19. Nxc3 Nxc3 20. Qxb7 Nxd4
21. Rfd1 Rxa4 22. Bxd4 Rxd4 23. Bh7+ Kxh7 24. Rxd4 Qxd4
25. Qxc7 Ne2+ 26. Kg2 Qxa1 27. Qc2+ g6 28. Qxe2 Rd8
29. Qe7 Rd1 30. Qxf7+ Kh8 31. Qf8+ Kh7 32. Kh3 Qg7
33. Qf4 Rf1 34. Kg2 Ra1 35. h4 Qe7 36. h5 g5
37. Qf5+ Kg7 38. Qg6+ Kh8 39. Qxh6+ Qh7 40. Qd6 Qxh5
41. Qf6+ Kh7 42. Qxa1 g4 43. Qb1+ Kh6 44. Qc1+ Kg6
45. Qc6+ Kg5 46. Qd5+ Kh4 47. Qe4 Qg5 48. f4 Qf6
49. Qh7+ {Black - Resign} 1-0

[Event "Game 1546 - Rated game, 25m + 0s"]
[Site "Main Playing Hall"]
[Date "2003.07.27"]
[Round "?"]
[White "JimmyMack"]
[Black "kmreese"]
[Result "1-0"]
[WhiteElo "1481"]
[BlackElo "1524"]
[PlyCount "45"]
[EventDate "2003.??.??"]
[SourceDate "2002.01.01"]

1. e4 e5 2. Nc3 g5 3. Bc4 d6 4. d3 h5
5. Nf3 Be7 6. Nd5 g4 7. Nxe7 Qxe7 8. Bg5 f6
9. Bh4 gxf3 10. Qxf3 Bg4 11. Qg3 Nh6 12. O-O Rg8
13. Qe3 Nc6 14. Qxh6 Nd4 15. Bxf6 Nf3+ 16. Kh1 Qf7
17. Bxf7+ Kxf7 18. Bxe5 Nxe5 19. f4 Rg6 20. Qh7+ Ke6
21. fxe5 Rgg8 22. Qf7+ Kxe5 23. Qd5# 1-0

[Event "Game 1547 - Rated game, 40m + 5s"]
[Site "Main Playing Hall"]
[Date "2003.07.28"]
[Round "?"]
[White "kmreese"]
[Black "Falcon4"]
[Result "0-1"]
[WhiteElo "1499"]
[BlackElo "1295"]
[PlyCount "52"]
[EventDate "2003.??.??"]

1. e4 e5 2. Nf3 Nc6 3. Bc4 Nf6 4. Ng5 Nxe4
5. Bxf7+ Ke7 6. Nxe4 Kxf7 7. Qf3+ Ke8 8. d3 Nd4
9. Qd1 Bb4+ 10. c3 Nf3+ 11. Qxf3 Be7 12. O-O Rf8
13. Qh5+ g6 14. Qxh7 Rf7 15. Qxg6 d6 16. Bh6 Bf8
17. Ng5 Qd7 18. Bxf8 Kxf8 19. Nh7+ Rxh7 20. f4 Rg7
21. fxe5+ Kg8 22. Qf6 Qc6 23. Qf8+ Kh7 24. Rf3 Qb6+
25. d4 Qxb2 26. Qf6 Qxg2# 0-1

[Event "Game 1548 - Rated game, 10m + 2s"]
[Site "Beginners"]
[Date "2003.07.29"]
[Round "?"]
[White "Sphaerenglanz"]
[Black "kmreese"]
[Result "1/2-1/2"]
[WhiteElo "1400"]
[BlackElo "1362"]
[Annotator "Draw - 3 Fold Rep"]
[PlyCount "63"]
[EventDate "2003.??.??"]

1. d4 Nf6 2. Nf3 g6 3. e3 d5 4. Bd3 Bg7
5. Nbd2 Nc6 6. c4 Ng4 7. cxd5 Qxd5 8. Bc4 Qd6
9. h3 Nf6 10. O-O Bd7 11. Qe2 h5 12. Rd1 h4
13. Ne5 Nxe5 14. dxe5 Qxe5 15. Nf3 Qh5 16. Qd3 O-O-O
17. Qa3 Bxh3 18. Rxd8+ Rxd8 19. Bd2 Bxg2 20. Qxa7 Kd7
21. Bb5+ Qxb5 22. Qd4+ Ke8 23. Qxh4 Bxf3 24. Bc3 Rd1+
25. Rxd1 Bxd1 26. Bxf6 exf6 27. Qe4+ Kf8 28. Qd4 Qg5+
29. Kf1 Qb5+ 30. Kg1 Qg5+ 31. Kf1 Qb5+ 32. Kg1 { Draw - 3 Fold Rep} 1/2-1/2

[Event "Game 1549 - Rated game, 15m + 0s"]
[Site "Beginners"]
[Date "2003.07.29"]
[Round "?"]
[White "kmreese"]
[Black "POOPNET3"]
[Result "1-0"]
[WhiteElo "1364"]
[BlackElo "1115"]
[Annotator "Black - Time"]
[PlyCount "107"]
[EventDate "2003.??.??"]

1. e4 b6 2. d4 c5 3. d5 d6 4. Nf3 Nf6
5. Nc3 e6 6. Bb5+ Bd7 7. a4 a6 8. Bxd7+ Nbxd7
9. dxe6 fxe6 10. Ng5 Qe7 11. O-O O-O-O 12. Re1 Ne8
13. a5 b5 14. f4 b4 15. Na4 Ndf6 16. e5 dxe5
17. fxe5 Rxd1 18. Rxd1 Ng4 19. Nb6+ Kb8 20. Rd7 Qxd7
21. Nxd7+ Kb7 22. Nxe6 Be7 23. h3 Kc6 24. Nb8+ Kd5
25. Nf4+ Ke4 26. Nc6 Bg5 27. Ne2 Be3+ 28. Bxe3 Nxe3
29. Ng3+ Kf4 30. Kf2 Nxc2 31. Rc1 Ne3 32. Nh5+ Ke4
33. Re1 Rf8+ 34. Kg3 g6 35. Nf6+ Nxf6 36. exf6 Rxf6
37. Ne7 h5 38. h4 Kd4 39. Nd5 Nxd5 40. Rd1+ Ke5
41. Re1+ Kd6 42. Re8 Nf4 43. Rd8+ Ke5 44. Re8+ Kf5
45. Kf3 Nd5 46. Rc8 Ke6+ 47. Ke2 Nf4+ 48. Kf2 Nd3+
49. Ke2 Nxb2 50. Rxc5 Kd6 51. Rc2 Re6+ 52. Kf3 Nd3
53. Rd2 Rf6+ 54. Ke4 {Black - Time} 1-0

[Event "Game 1550 - Rated game, 30m + 10s"]
[Site "Main Playing Hall"]
[Date "2003.07.30"]
[Round "?"]
[White "kmreese"]
[Black "Joanrumu"]
[Result "1-0"]
[WhiteElo "1472"]
[BlackElo "1521"]
[PlyCount "29"]
[EventDate "2003.??.??"]

1. e4 e6 2. d4 c5 3. Nf3 d6 4. Bc4 d5
5. exd5 exd5 6. Qe2+ Be6 7. Bb5+ Nd7 8. Ne5 Ngf6
9. Bg5 Be7 10. Bxf6 Bxf6 11. Nxd7 Qa5+ 12. Nc3 a6
13. Nxf6+ Ke7 14. Nfxd5+ Kd6 15. Qe5# 1-0

[Event "Game 1551 - Rated game, 30m + 10s"]
[Site "Main Playing Hall"]
[Date "2003.07.30"]
[Round "?"]
[White "Joanrumu"]
[Black "kmreese"]
[Result "0-1"]
[WhiteElo "1430"]
[BlackElo "1492"]
[PlyCount "50"]
[EventDate "2003.??.??"]

1. d4 d5 2. e3 g6 3. c4 Bg7 4. c5 Nf6
5. b4 Ne4 6. Bb2 Nc6 7. a3 e5 8. Nf3 O-O
9. Bd3 f5 10. Qc2 exd4 11. Nxd4 Nxd4 12. exd4 Ng5
13. O-O f4 14. Nd2 Nh3+ 15. Kh1 f3 16. Nxf3 Bg4
17. Be2 Nf4 18. Rae1 Nxg2 19. Kxg2 Bxf3+ 20. Bxf3 Qg5+
21. Kh1 Rxf3 22. Rg1 Qh4 23. Qe2 Rxf2 24. Qe6+ Kf8
25. Qxd5 Rxh2# 0-1

[Event "Game 1552 - Rated game, 30m + 10s"]
[Site "Main Playing Hall"]
[Date "2003.07.30"]
[Round "?"]
[White "kmreese"]
[Black "Joanrumu"]
[Result "1-0"]
[WhiteElo "1507"]
[BlackElo "1368"]
[PlyCount "25"]
[EventDate "2003.??.??"]

1. e4 e5 2. Nf3 Nc6 3. Bc4 Qf6 4. d3 Qg6
5. Ng5 Nd8 6. Nc3 d6 7. Nd5 Kd7 8. Qg4+ Kc6
9. Nb4+ Kc5 10. d4+ Kxb4 11. a3+ Kxc4 12. Qe2+ Kxd4
13. Be3# 1-0

[Event "Game 1553 - Rated game, 30m + 10s"]
[Site "Main Playing Hall"]
[Date "2003.07.30"]
[Round "?"]
[White "Joanrumu"]
[Black "kmreese"]
[Result "0-1"]
[WhiteElo "1323"]
[BlackElo "1518"]
[PlyCount "112"]
[EventDate "2003.??.??"]

1. d4 d5 2. e3 Nf6 3. Bb5+ c6 4. Bd3 g6
5. Nd2 Bg4 6. Ngf3 h5 7. h3 Bxf3 8. Nxf3 h4
9. b3 Bh6 10. Nxh4 e6 11. Nf3 c5 12. c3 cxd4
13. cxd4 Nc6 14. a3 g5 15. Bb5 Qa5+ 16. Bd2 Qxb5
17. Qe2 Qxb3 18. O-O g4 19. hxg4 Nxg4 20. Rfb1 Qa4
21. Rxb7 a6 22. Rb6 Kd7 23. Rb7+ Kd6 24. Rxf7 Rag8
25. Nh2 Nxh2 26. Kxh2 Bf4+ 27. Kg1 Bh2+ 28. Kh1 Qc2
29. Rc1 Qe4 30. Rf3 Qg4 31. g3 Bxg3+ 32. Kg2 Bxf2+
33. Kxf2 Qg2+ 34. Ke1 Rh1+ 35. Rf1 Qg3+ 36. Kd1 Rh2
37. Qxa6 Qg4+ 38. Kc2 Qe4+ 39. Kc3 Rgg2 40. Qb5 Nxd4
41. Qc5+ Kxc5 42. Kb2+ Kd6 43. Rfd1 Rxd2+ 44. Rxd2 Rxd2+
45. Kc3 Ne2+ 46. Kxd2 Nxc1 47. Kxc1 Qxe3+ 48. Kb2 d4
49. a4 d3 50. a5 d2 51. Kc2 Qe2 52. a6 d1=Q+
53. Kc3 Qxa6 54. Kb4 Qc8 55. Kb5 Qb1+ 56. Ka4 Qa8# 0-1

[Event "Game 1554 - Rated game, 10m + 5s"]
[Site "Beginners"]
[Date "2003.07.31"]
[Round "?"]
[White "darm"]
[Black "kmreese"]
[Result "1-0"]
[WhiteElo "1379"]
[BlackElo "1371"]
[Annotator "Black - Resign"]
[PlyCount "30"]
[EventDate "2003.??.??"]

1. c4 d5 2. cxd5 Nf6 3. g3 Nxd5 4. Bg2 e6
5. Nc3 c6 6. Nxd5 exd5 7. d4 Na6 8. a3 c5
9. Nf3 c4 10. O-O Bd6 11. Ne5 Bg4 12. Nxg4 O-O
13. Bxd5 Rc8 14. Bxb7 Rb8 15. Bxa6 Rb6 {Black - Resign} 1-0

[Event "Game 1555 - Rated game, 10m + 0s"]
[Site "Main Playing Hall"]
[Date "2003.07.31"]
[Round "?"]
[White "kmreese"]
[Black "Sigi-vA"]
[Result "0-1"]
[WhiteElo "1354"]
[BlackElo "1249"]
[PlyCount "74"]
[EventDate "2003.??.??"]

1. e4 d5 2. Nc3 d4 3. Nd5 c6 4. Nb4 e5
5. Bc4 Bxb4 6. c3 Bc5 7. Nf3 Nd7 8. cxd4 exd4
9. O-O b5 10. Bb3 Ne7 11. Bxf7+ Kxf7 12. Ng5+ Ke8
13. Qf3 Rf8 14. Qh5+ g6 15. Qxh7 Ne5 16. f4 Nd3
17. f5 Kd7 18. Nf7 Rxf7 19. Qxf7 Kc7 20. fxg6 Ne5
21. Qg7 N5xg6 22. d3 Be6 23. Bg5 Kb6 24. Rf6 Qd7
25. Rxg6 Nxg6 26. Qxg6 Rg8 27. Qf6 Rf8 28. Qe5 Be7
29. b4 Bxg5 30. Qc5+ Kb7 31. Qxf8 Be3+ 32. Kh1 Qf7
33. Qd6 Bg4 34. e5 Qf2 35. Qe7+ Ka6 36. e6 Bf3
37. gxf3 Qxf3# 0-1

[Event "Game 1556 - Rated game, 10m + 2s"]
[Site "Main Playing Hall"]
[Date "2003.07.31"]
[Round "?"]
[White "kmreese"]
[Black "jawed 1"]
[Result "1-0"]
[WhiteElo "1330"]
[BlackElo "1330"]
[Annotator "Black - Resign"]
[PlyCount "97"]
[EventDate "2003.??.??"]

1. e4 e5 2. Nf3 d5 3. exd5 Bg4 4. Be2 Qxd5
5. Nc3 Qe6 6. Ng5 Bxe2 7. Qxe2 Qf5 8. d3 Bb4
9. O-O Bxc3 10. bxc3 f6 11. g4 Qd7 12. Ne4 Nc6
13. Nc5 Qd5 14. Ba3 Nh6 15. c4 Qd4 16. Ne6 Qd7
17. Nf4 Nxg4 18. h3 Nd4 19. Qe4 Nxc2 20. Qxb7 Rd8
21. Nd5 Rc8 22. f3 Nxa1 23. Rxa1 Ne3 24. Nxe3 c5
25. Qxd7+ Kxd7 26. Rb1 Ke8 27. Nd5 Kf7 28. Rb7+ Ke6
29. Rxa7 Ra8 30. Nc7+ Kf5 31. Nxa8 Rd8 32. Rxg7 Rxd3
33. Bxc5 Rxf3 34. a4 Rxh3 35. a5 h5 36. a6 Kf4
37. Nc7 h4 38. a7 Rc3 39. a8=Q Rxc4 40. Ne6+ Kf5
41. Qc8 Rc1+ 42. Kf2 h3 43. Nd4+ Ke4 44. Rg4+ Kd3
45. Qa6+ Rc4 46. Rg3+ Ke4 47. Qxc4 h2 48. Nf3+ Kf5
49. Nxh2 {Black - Resign} 1-0

[Event "Game 1557 - Friendly Game, 15m + 0s"]
[Site "Main Playing Hall"]
[Date "2003.08.01"]
[Round "?"]
[White "FH4875"]
[Black "kmreese"]
[Result "0-1"]
[WhiteElo "1206"]
[BlackElo "1348"]
[Annotator "White - Time"]
[PlyCount "96"]
[EventDate "2003.??.??"]

1. e4 c5 2. Nf3 d6 3. d4 e6 4. dxc5 Qa5+
5. Bd2 Qxc5 6. Nc3 Nf6 7. Bd3 Nc6 8. Bb5 Nxe4
9. Bxc6+ Qxc6 10. Nxe4 Qxe4+ 11. Be3 Qb4+ 12. Nd2 b6
13. O-O Ba6 14. a3 Qxb2 15. Re1 d5 16. Rb1 Qxa3
17. Rb3 Qd6 18. Nf3 Rc8 19. Nd4 h5 20. Nb5 Qe5
21. Nxa7 Bd6 22. g3 h4 23. f4 Qe4 24. Nxc8 Bxc8
25. Rxb6 h3 26. Qe2 e5 27. Qb5+ Bd7 28. Qe2 Bg4
29. Qd2 O-O 30. Rxd6 Rc8 31. fxe5 Rxc2 32. Rd8+ Kh7
33. Bg5 Be2 34. Rxe2 Rc1+ 35. Qxc1 Qxe2 36. Qf1 Qg4
37. Qxf7 Qd4+ 38. Qf2 Qxe5 39. Bf4 Qe4 40. Qd2 Qb1+
41. Kf2 Qb6+ 42. Be3 Qxd8 43. Qc2+ Kg8 44. Qf5 d4
45. Bd2 d3 46. Qxh3 Qd4+ 47. Be3 Qb2+ 48. Bd2 Qxd2+ {White - Time} 0-1

[Event "Game 1558 - Rated game, 25m + 0s"]
[Site "Main Playing Hall"]
[Date "2003.08.02"]
[Round "?"]
[White "JimmyMack"]
[Black "kmreese"]
[Result "0-1"]
[WhiteElo "1541"]
[BlackElo "1527"]
[Annotator "White - Time"]
[PlyCount "24"]
[EventDate "2003.??.??"]

1. e4 c5 2. f4 Nc6 3. Nf3 Nf6 4. Nc3 d5
5. exd5 Nxd5 6. Bc4 Nxf4 7. O-O e5 8. Nxe5 Nxe5
9. Bxf7+ Kxf7 10. Rxf4+ Kg8 11. Qh5 Bd6 12. d4 Ng6 {White - Time} 0-1

[Event "Game 1560 - Rated game, 15m + 0s"]
[Site "Main Playing Hall"]
[Date "2003.08.03"]
[Round "?"]
[White "Obi Wan"]
[Black "kmreese"]
[Result "0-1"]
[WhiteElo "1158"]
[BlackElo "1348"]
[PlyCount "36"]
[EventDate "2003.??.??"]

1. e4 c5 2. d4 e6 3. Nf3 Nc6 4. b3 cxd4
5. Nxd4 Qa5+ 6. Bd2 Nb4 7. Bc4 d5 8. exd5 exd5
9. Qe2+ Kd8 10. Bd3 Bc5 11. Nf5 Bxf5 12. Bxf5 Nxc2+
13. Bxc2 Bb4 14. O-O Nf6 15. Bxb4 Qxb4 16. Re1 Re8
17. Qd1 Rxe1+ 18. Qxe1 Qxe1# 0-1

[Event "Game 1561 - Rated game, 10m + 0s"]
[Site "Beginners"]
[Date "2003.08.04"]
[Round "?"]
[White "Gyrotron"]
[Black "kmreese"]
[Result "0-1"]
[WhiteElo "1086"]
[BlackElo "1357"]
[Annotator "White - Time"]
[PlyCount "50"]
[EventDate "2003.??.??"]

1. d4 d5 2. Nf3 Nc6 3. e3 Nf6 4. Nc3 g6
5. Qe2 Bg7 6. e4 dxe4 7. Nxe4 Nd5 8. a3 O-O
9. Bd2 Bg4 10. O-O-O Nxd4 11. Qd3 a5 12. Be2 Nxf3
13. Bxf3 Bf5 14. Rde1 a4 15. g4 c6 16. gxf5 Qb6
17. b4 axb3 18. cxb3 Rad8 19. Qc4 gxf5 20. Ng5 Ra8
21. Qh4 Qc5+ 22. Kd1 h6 23. Re5 Rxa3 24. Rxf5 Ra1+
25. Ke2 Qb5+ {White - Time} 0-1

[Event "Game 1562 - Rated game, 15m + 0s"]
[Site "Main Playing Hall"]
[Date "2003.08.04"]
[Round "?"]
[White "jopacs"]
[Black "kmreese"]
[Result "1-0"]
[WhiteElo "1374"]
[BlackElo "1364"]
[Annotator "Black - Resign"]
[PlyCount "128"]
[EventDate "2003.??.??"]

1. e4 c5 2. Nc3 e5 3. Nf3 Nc6 4. Bb5 Nf6
5. Bxc6 bxc6 6. Nxe5 Ba6 7. Qf3 Bd6 8. Ng4 Nh5
9. e5 Be7 10. b3 O-O 11. Bb2 Re8 12. Ne4 d6
13. exd6 Bxd6 14. O-O-O Nf4 15. Ngf6+ gxf6 16. Nxf6+ Kf8
17. Nxh7+ Kg8 18. Qg4+ Ng6 19. Nf6+ Kf8 20. Nxe8 Qxe8
21. Qh5 Be2 22. Qh6+ Ke7 23. Rde1 Kd7 24. Qh3+ Kc7
25. Qe3 Qxe3 26. fxe3 Bg4 27. Ref1 f5 28. h3 Be2
29. Rxf5 Nh4 30. Rf7+ Kb6 31. g4 c4 32. Bd4+ c5
33. Rf6 Kc6 34. Be5 cxb3 35. Rxd6+ Kb5 36. axb3 Nf3
37. Rd5 Re8 38. Bd6 Kc6 39. Rxc5+ Kxd6 40. Ra5 Ra8
41. d3 Ne5 42. e4 Kc6 43. Rxe5 Kb6 44. Kd2 Bf3
45. Rh2 a5 46. Ke3 Rf8 47. Rf2 Kc6 48. Rxf3 Rxf3+
49. Kxf3 Kd6 50. d4 a4 51. bxa4 Kc6 52. h4 Kd7
53. g5 Kc6 54. h5 Kb6 55. g6 Kc6 56. h6 Kd6
57. g7 Kc6 58. h7 Kd6 59. a5 Kc6 60. a6 Kc7
61. a7 Kb7 62. Re6 Ka8 63. g8=R+ Kxa7 64. Rg7+ Kb8 { Black - Resign} 1-0

[Event "Game 1563 - Rated game, 10m + 0s"]
[Site "Beginners"]
[Date "2003.08.05"]
[Round "?"]
[White "kmreese"]
[Black "Wolla"]
[Result "1-0"]
[WhiteElo "1346"]
[BlackElo "1251"]
[PlyCount "53"]
[EventDate "2003.??.??"]

1. e4 d5 2. f4 dxe4 3. Bc4 Nf6 4. Nc3 Qd4
5. d3 exd3 6. cxd3 Bf5 7. Nf3 Qb6 8. d4 Ng4
9. O-O Nc6 10. Nd5 Qa5 11. Bd2 Qxd5 12. Bxd5 Nd8
13. Qa4+ c6 14. Bxc6+ bxc6 15. d5 e6 16. dxc6 Rc8
17. c7+ Ke7 18. Qxa7 Nc6 19. Qb7 Kd7 20. Rac1 Be4
21. Rfd1 Nd4 22. Qxe4 Nb5 23. Bb4+ Nd6 24. Qc6+ Ke7
25. Bxd6+ Kf6 26. Be5+ Kf5 27. Nh4# 1-0

[Event "Game 1566 - Rated game, 20m + 0s"]
[Site "Beginners"]
[Date "2003.08.06"]
[Round "?"]
[White "cencio"]
[Black "kmreese"]
[Result "0-1"]
[WhiteElo "1373"]
[BlackElo "1567"]
[Annotator "White - Time"]
[PlyCount "52"]
[EventDate "2003.??.??"]

1. e4 c5 2. Nf3 d6 3. Bb5+ Nc6 4. Bxc6+ bxc6
5. O-O f6 6. d3 g5 7. Qd2 Nh6 8. Nc3 Ba6
9. b3 Bg7 10. Ba3 d5 11. d4 Bxf1 12. Kxf1 Qa5
13. b4 cxb4 14. Nb1 dxe4 15. Ne1 e3 16. fxe3 Ng4
17. Bxb4 Qf5+ 18. Ke2 Qf2+ 19. Kd3 Ne5+ 20. dxe5 Rd8+
21. Kc4 Rxd2 22. Bxd2 Qh4+ 23. Kb3 f5 24. Na3 Bxe5
25. Nf3 Qf2 26. Be1 Qxe3+ { White - Time} 0-1

[Event "Game 1567 - Rated game, 10m + 0s"]
[Site "Main Playing Hall"]
[Date "2003.08.06"]
[Round "?"]
[White "fearless car 7"]
[Black "kmreese"]
[Result "0-1"]
[WhiteElo "1277"]
[BlackElo "1359"]
[Annotator "White - Time"]
[PlyCount "84"]
[EventDate "2003.??.??"]

1. d4 Nf6 2. Nf3 d6 3. c4 Nc6 4. e3 e6
5. Bd3 Nb4 6. Nc3 Ng4 7. h3 Nxd3+ 8. Qxd3 e5
9. hxg4 Bxg4 10. dxe5 Bxf3 11. gxf3 Qg5 12. f4 Qg2
13. Rf1 O-O-O 14. exd6 Rxd6 15. Qc2 g6 16. Ne2 h5
17. Rg1 Qh2 18. Bd2 Be7 19. Qe4 Bh4 20. Qg2 Qxg2
21. Rxg2 Rhd8 22. Bc3 f5 23. b3 Rd3 24. Rxg6 Rxe3
25. Rg2 Rf3 26. Rd1 Re8 27. Rd5 Rxf4 28. Kf1 Rfe4
29. Nd4 Rf4 30. Rxf5 Rxf5 31. Nxf5 Bd8 32. Rh2 h4
33. Nxh4 Bxh4 34. Rxh4 c6 35. Rg4 a6 36. Rg5 b6
37. Be5 Kd7 38. Bg3 c5 39. Rg7+ Ke6 40. Rg6+ Kf5
41. Rxb6 Rg8 42. Rxa6 Ke4 {White - Time} 0-1

[Event "Game 1571 - Rated game, 25m + 2s"]
[Site "Beginners"]
[Date "2003.08.07"]
[Round "?"]
[White "Holly"]
[Black "kmreese"]
[Result "0-1"]
[WhiteElo "1569"]
[BlackElo "1594"]
[PlyCount "24"]
[EventDate "2003.??.??"]

1. g3 d5 2. e3 e5 3. Nf3 e4 4. d4 Bg4
5. Nbd2 exf3 6. Nxf3 Qf6 7. Bg2 Nh6 8. h3 Nc6
9. hxg4 Nxg4 10. a3 O-O-O 11. b4 Re8 12. Ne5 Qxf2# 0-1

[Event "Game 1572 - Friendly Game, 25m + 0s"]
[Site "Beginners"]
[Date "2003.08.07"]
[Round "?"]
[White "Holly"]
[Black "kmreese"]
[Result "0-1"]
[WhiteElo "1523"]
[BlackElo "1611"]
[PlyCount "42"]
[EventDate "2003.??.??"]

1. d4 d5 2. e3 c6 3. Nf3 Nf6 4. g3 Ne4
5. b3 e6 6. Bd2 b5 7. Ne5 Na6 8. a4 Nxd2
9. Nxd2 Bb4 10. axb5 Bc3 11. Rxa6 Bxa6 12. bxa6 Qa5
13. Nxc6 Qc7 14. Bb5 O-O 15. O-O f5 16. Ne4 fxe4
17. Qg4 Rf6 18. f4 Qb6 19. Ne7+ Kh8 20. f5 Qxb5
21. fxe6 Qxf1# 0-1

[Event "Game 1573 - Rated game, 10m + 2s"]
[Site "Beginners"]
[Date "2003.08.07"]
[Round "?"]
[White "Sebasa"]
[Black "kmreese"]
[Result "0-1"]
[WhiteElo "1322"]
[BlackElo "1401"]
[PlyCount "40"]
[EventDate "2003.??.??"]

1. d4 d5 2. Nc3 Nf6 3. Nf3 Nc6 4. e3 g6
5. Bd2 a6 6. a4 Bf5 7. b3 Nb4 8. Rb1 Bxc2
9. Qe2 Nd3+ 10. Qxd3 Bxd3 11. Bxd3 e6 12. Rc1 c5
13. dxc5 Ng4 14. h3 Nh6 15. O-O Bxc5 16. Ng5 Qxg5
17. b4 Bxb4 18. Rb1 Bd6 19. Rb6 Qe5 20. Rxb7 Qh2# 0-1

[Event "Game 1574 - Rated game, 10m + 1s"]
[Site "Main Playing Hall"]
[Date "2003.08.07"]
[Round "?"]
[White "kmreese"]
[Black "amtm"]
[Result "0-1"]
[WhiteElo "1415"]
[BlackElo "1199"]
[Annotator "White - Time"]
[PlyCount "82"]
[EventDate "2003.??.??"]

1. e4 d5 2. Bd3 d4 3. Nf3 Bg4 4. O-O Nf6
5. h3 Qd6 6. hxg4 Nxg4 7. e5 Nxe5 8. Nxe5 Qxe5
9. Re1 Qf6 10. c3 Nc6 11. Bb5 O-O-O 12. d3 e6
13. Qa4 Rd6 14. Bxc6 bxc6 15. Qxa7 Kd7 16. g3 dxc3
17. bxc3 Rxd3 18. Bf4 Bd6 19. Qa6 Bxf4 20. Qxd3+ Bd6
21. Nd2 c5 22. Ne4 Qf5 23. Rad1 Ke8 24. Qb5+ Ke7
25. Qc6 Rd8 26. Nxd6 cxd6 27. Qc7+ Rd7 28. Qc8 d5
29. Qxc5+ Ke8 30. Qb5 h5 31. Qb8+ Rd8 32. Qb5+ Ke7
33. Qb7+ Rd7 34. Qb5 Kf6 35. Rxd5 exd5 36. Qb6+ Kg5
37. f4+ Kg4 38. Qb4 Kxg3 39. Re3+ Kg4 40. Rg3+ Kh4
41. Rg4+ {.} Kxg4 {White - Time} 0-1

[Event "Game 1575 - Rated game, 10m + 0s"]
[Site "Main Playing Hall"]
[Date "2003.08.07"]
[Round "?"]
[White "kmreese"]
[Black "Dylan_1"]
[Result "0-1"]
[WhiteElo "1387"]
[BlackElo "1346"]
[PlyCount "48"]
[EventDate "2003.??.??"]

1. e4 e5 2. Nf3 Nc6 3. Bc4 h6 4. Nc3 Bb4
5. O-O d6 6. a3 Bxc3 7. dxc3 Bg4 8. b4 Nf6
9. b5 Ne7 10. h3 Bxf3 11. Qxf3 O-O 12. g4 c5
13. g5 hxg5 14. Bxg5 Ng6 15. h4 Nf4 16. Rad1 Qd7
17. Bxf4 exf4 18. e5 Nh7 19. Qxf4 Qh3 20. e6 fxe6
21. Qxd6 Qg4+ 22. Kh1 Qxc4 23. Rg1 Qxh4+ 24. Kg2 Rxf2# 0-1

[Event "Game 1576 - Rated game, 10m + 1s"]
[Site "Main Playing Hall"]
[Date "2003.08.08"]
[Round "?"]
[White "amtm"]
[Black "kmreese"]
[Result "0-1"]
[WhiteElo "1237"]
[BlackElo "1367"]
[PlyCount "36"]
[EventDate "2003.??.??"]

1. e4 c5 2. Bc4 Nf6 3. Nc3 Nc6 4. Qf3 e6
5. d3 a6 6. Bg5 Be7 7. Qg3 Nh5 8. Qh3 Nd4
9. O-O-O Bxg5+ 10. Kb1 Nf4 11. Qg4 d5 12. exd5 exd5
13. Nxd5 Bxg4 14. Nxf4 Bxd1 15. Ngh3 Bxc2+ 16. Kc1 Bxf4+
17. Nxf4 Qa5 18. Re1+ Qxe1# 0-1

[Event "Game 1577 - Friendly Game, No clock"]
[Site "Beginners"]
[Date "2003.08.09"]
[Round "?"]
[White "kmreese"]
[Black "ImperatorX"]
[Result "1-0"]
[WhiteElo "1379"]
[BlackElo "1171"]
[PlyCount "47"]
[EventDate "2003.??.??"]

1. e4 Nc6 2. Nf3 Nf6 3. e5 Ne4 4. Bc4 d5
5. exd6 exd6 6. d3 Nc5 7. Ng5 f6 8. Nf7 Qe7+
9. Be3 Rg8 10. Nc3 d5 11. Bxd5 Ne5 12. d4 Nxf7
13. dxc5 b6 14. Bc6+ Bd7 15. Bxa8 h6 16. c6 Bf5
17. O-O Qd8 18. Qxd8+ Kxd8 19. Rad1+ Ke7 20. Nd5+ Ke6
21. Nxc7+ Ke7 22. Rfe1 Bxc2 23. Bxb6+ Ne5 24. Rd7# 1-0

[Event "Game 1578. - Rated game, 10m + 5s"]
[Site "Beginners"]
[Date "2003.08.09"]
[Round "?"]
[White "kmreese"]
[Black "chrissteph"]
[Result "1-0"]
[WhiteElo "1379"]
[BlackElo "1373"]
[PlyCount "61"]
[EventDate "2003.??.??"]

1. e4 e6 2. d4 d5 3. e5 c5 4. Nf3 Qb6
5. Nc3 Bd7 6. a4 Nc6 7. Bb5 cxd4 8. Bxc6 Bxc6
9. Nxd4 Bc5 10. a5 Qb4 11. a6 Bxd4 12. axb7 Bxb7
13. Ra4 Bxc3+ 14. bxc3 Qxa4 15. O-O Ne7 16. f4 Ba6
17. Rf3 Nf5 18. g4 Ne7 19. f5 exf5 20. gxf5 Qb5
21. f6 gxf6 22. exf6 Ng6 23. Re3+ Kf8 24. Ba3+ Kg8
25. Rd3 Rd8 26. Be7 Rd7 27. Qh5 Nxe7 28. Qh6 Qb1+
29. Kg2 Nf5 30. Rg3+ Ng7 31. Qxg7# 1-0